Fin de mots - Cinéma - Statistiques

Statistiques générales
  • Ce quiz a été pris 84 fois
  • Le résultat moyen est 7 sur 16
Statistiques - réponses
Hint ANSWER % Correct
Festival du sud de la France. Cannes
81%
Récompense la plus prestigieuse du cinéma. Oscar
72%
Elle peuvent être dans le ciel ou en couverture de magazine. Star
65%
Ville allemande où l'on reçoit un Ours. Berlin
62%
Envoyé aux acteurs et actrice pour lecture. Scénario
61%
Date attendue par les fans d'un film. Sortie
61%
Se déguste à pleine poignée au cinéma. Pop corn
58%
Son nom est inscrit en tête d'affiche. Acteur
57%
Type de film. Action
41%
Personne s'occupant des intérêts d'un artiste. Impressario
41%
Prononcé sur un plateau. Il ne consomme aucun carburant. Moteur
35%
Festival italien à Venise. Mostra
34%
Passage obligatoire pour vendre un film. Promotion
31%
L'actrice Maggie Smith en a reçu 4. BAFTA
15%
Représente un ticket de cinéma. Entrée
11%
Récompense dorée (en deux mots). Golden Globes
7%
Aucun quiz correspondant
Distribution des résultats
% des personnes avec chaque résultat
Percentile par nombre de réponses
Votre historique - résultats
Vous n’avez pas pris ce quiz